Sports Quiz

Random Sports or Soccer Quiz
Score 0/29 Timer 04:00
68 Plays Today
Year Opponent % Correct
1970England vs. WEST GERMANY 2:3 (a.e.t.)
92.7%
1990Argentina vs. WEST GERMANY 0:1
92.7%
1970England vs. BRAZIL 0:1
92.4%
1982Argentina vs. BRAZIL 1:3
92.3%
1958West Germany vs. FRANCE 3:6
91.4%
1986Italy vs. FRANCE 0:2
91.4%
1998Brazil vs. FRANCE 0:3
91.4%
2006Brazil vs. FRANCE 0:1
91.4%
1974Brazil vs. NETHERLANDS 0:2
90%
2014Spain vs. NETHERLANDS 1:5
90%
1982Argentina vs. ITALY 1:2
88.1%
2018Germany vs. MEXICO 0:1
81%
2018Germany vs. SOUTH KOREA 0:2
79.5%
2014Spain vs. CHILE 0:2
79.1%
1966Brazil vs. PORTUGAL 1:3
72.6%
Year Opponent % Correct
1950Italy vs. SWEDEN 2:3
64.6%
1958West Germany vs. SWEDEN 1:3
64.6%
2002France vs. DENMARK 0:2
56.4%
1982Argentina vs. BELGIUM 0:1
53.9%
2002France vs. SENEGAL 0:1
52.6%
1954Uruguay vs. HUNGARY 2:4 (a.e.t.)
51.4%
1966Brazil vs. HUNGARY 1:3
51.4%
1974Brazil vs. POLAND 0:1
49%
1990Argentina vs. CAMEROON 0:1
46.8%
1998Brazil vs. NORWAY 1:2
46.6%
2010Italy vs. SLOVAKIA 2:3
41%
1994Germany* vs. BULGARIA 1:2
40.8%
1954Uruguay vs. AUSTRIA 1:3
40.7%
1978West Germany vs. AUSTRIA 2:3
40.7%
Come Together.
Have Fun.
All Virtual.
We all need to come together. Play Sporcle's virtual live trivia to have fun, connect with people, and get your trivia on. Join a live hosted trivia game for your favorite pub trivia experience done virtually. If a virtual private party is more your thing, go here for details.

You're not logged in!

Compare scores with friends on all Sporcle quizzes.
OR
Log In

Sporcle TV

Today on Sporcle TV


Watch our educational content, quiz creation guides, and fun videos on Sporcle TV.

Show Comments

Extras

Top Quizzes Today


Score Distribution

Paid Content

Your Account Isn't Verified!

In order to create a playlist on Sporcle, you need to verify the email address you used during registration. Go to your Sporcle Settings to finish the process.

Report this User

Report this user for behavior that violates our Community Guidelines.

Details: